[Event "Niedersachsen-ch U18"]
[Site "Hambuehren"]
[Date "2002.??.??"]
[Round "3"]
[White "Karatajew, Maxim"]
[Black "Hartje, Rainer Michael"]
[Result "1/2-1/2"]
[WhiteElo "1721"]
[BlackElo "1427"]
[PlyCount "53"]
[EventDate "2002.03.??"]
[EventType "swiss"]
[EventRounds "7"]
[EventCountry "GER"]
[SourceTitle "EXT 2003"]
[Source "ChessBase"]
[SourceDate "2002.11.25"]
[SourceVersion "1"]
[SourceVersionDate "2002.11.25"]
[SourceQuality "1"]

1. e4 e5 2. Nf3 Nc6 3. Bb5 Bc5 4. 0-0 Nge7 5. c3 Bb6 6. d4 exd4 7. cxd4 d5 8. e5 0-0 9. h3 Bf5 10. Nc3 Be4 11. Bxc6 Nxc6 12. Be3 Qd7 13. Nxe4 dxe4 14. Ng5 Bxd4 15. Bxd4 Qxd4 16. Qxd4 Nxd4 17. Nxe4 Rfe8 18. f4 f6 19. Rad1 Ne2+ 20. Kh2 fxe5 21. fxe5 Rad8 22. Rde1 Nd4 23. Ng5 Rd7 24. Nf3 Nxf3+ 25. Rxf3 Rf7 26. Rc3 c6 27. Rc2 1/2-1/2

[Event "Niedersachsen-ch U18"]
[Site "Hambuehren"]
[Date "2002.??.??"]
[Round "4"]
[White "Karatajew, Maxim"]
[Black "Koch, Marvin"]
[Result "1-0"]
[WhiteElo "1721"]
[BlackElo "1513"]
[PlyCount "41"]
[EventDate "2002.03.??"]
[EventType "swiss"]
[EventRounds "7"]
[EventCountry "GER"]
[SourceTitle "EXT 2003"]
[Source "ChessBase"]
[SourceDate "2002.11.25"]
[SourceVersion "1"]
[SourceVersionDate "2002.11.25"]
[SourceQuality "1"]

1. e4 g6 2. d4 Bg7 3. Nc3 d6 4. f4 Nd7 5. Nf3 e5 6. dxe5 dxe5 7. Bc4 exf4 8. Bxf4 Ngf6 9. 0-0 c6 10. Bb3 0-0 11. Ng5 Qb6+ 12. Kh1 h6 13. Nxf7 Rxf7 14. Bxf7+ Kxf7 15. e5 g5 16. exf6 Bxf6 17. Bd6 Kg7 18. Ne4 Qxb2 19. Nxf6 Nxf6 20. Rb1 Qxa2 21. Be5 1-0